| 000 | 00536nam a2200169 i 4500 | ||
|---|---|---|---|
| 001 | bg | ||
| 100 | 1 | _aDALVEN, Richard | |
| 245 | 0 |
_aIntroduction to applied solid state physics ; Topics in the applications of semiconductors, superconductors and the nonlinear optical properties of solids / _cRichard Dalven. |
|
| 260 |
_aNew York : _bPlenum Press, _c1977. |
||
| 020 | _a0306403854 | ||
| 040 | _cBPK | ||
| 041 | _apol | ||
| 080 | _a537:538.9 | ||
| 920 | _a0-306-40385-4 | ||
| 942 | _cKS | ||
| 008 | s pl f |000 0 pol | ||
| 999 |
_c19937 _d19937 |
||
| 856 |
_uhttp://koha.tu.koszalin.pl/cgi-bin/koha/opac-detail.pl?biblionumber=19937 _yKatalog online BPK |
||